BIBLIOTECA

SENCICO

Especificaciones técnicas generales de las obras de concreto simple y concreto armado / (Registro nro. 3443)

Detalles MARC
000 -LEADER
fixed length control field 01514nam a2200253Ia 4500
003 - CONTROL NUMBER IDENTIFIER
control field PE SENCICO BE
005 - DATE AND TIME OF LATEST TRANSACTION
control field 20260219155141.0
008 - FIXED-LENGTH DATA ELEMENTS--GENERAL INFORMATION
fixed length control field 200515s9999 xx 000 0 und d
040 ## - CATALOGING SOURCE
Original cataloging agency PE SENCICO BE
Transcribing agency PE SENCICO BE
041 ## - LANGUAGE CODE
Language code of text/sound track or separate title spa
082 ## - DEWEY DECIMAL CLASSIFICATION NUMBER
Classification number 693.5
Item number I5
110 1# - MAIN ENTRY--CORPORATE NAME
Corporate name or jurisdiction name as entry element Instituto Nacional de Investigación y Normalización de la Vivienda
245 10 - TITLE STATEMENT
Title Especificaciones técnicas generales de las obras de concreto simple y concreto armado /
Statement of responsibility, etc. Instituto Nacional de Investigación y Normalización de la Vivienda
250 ## - EDITION STATEMENT
Edition statement 1a ed.
260 ## - PUBLICATION, DISTRIBUTION, ETC.
Place of publication, distribution, etc. Lima :
Name of publisher, distributor, etc. ININVI ;
Date of publication, distribution, etc. 1990
300 ## - PHYSICAL DESCRIPTION
Extent 179 páginas :
Dimensions 29 cm.
505 0# - FORMATTED CONTENTS NOTE
Formatted contents note Materiales -- Acero de refuerzo -- Selección de las proporciones del concreto -- Encofrados -- Juntas y elementos embebidos -- Proporcionamiento en obra -- Mezclado del concreto -- Concreto premezclado -- Transporte del concreto -- Preparación para la colocación del concreto -- Colocación del concreto -- Consolidación del concreto -- Desencofrado
520 3# - SUMMARY, ETC.
Summary, etc. Comprende la parte de las especificaciones técnicas que cubren aspectos de las obras de concreto que son típicas. Cabe mencionar que las presentes Especificaciones están referidas a concretos de peso normal y en su elaboración se ha tomado en consideración las disposiciones establecidas en la Norma Técnica de Edificación E.060 - 89 Concreto Armado
650 10 - SUBJECT ADDED ENTRY--TOPICAL TERM
Topical term or geographic name entry element Concreto
9 (RLIN) 309
650 20 - SUBJECT ADDED ENTRY--TOPICAL TERM
Topical term or geographic name entry element Edificaciones
9 (RLIN) 333
650 20 - SUBJECT ADDED ENTRY--TOPICAL TERM
Topical term or geographic name entry element Concreto armado
9 (RLIN) 334
650 ## - SUBJECT ADDED ENTRY--TOPICAL TERM
Topical term or geographic name entry element PUB ININVI
942 ## - ADDED ENTRY ELEMENTS (KOHA)
Koha item type Libros
Source of classification or shelving scheme Dewey Decimal Classification
Existencias
Fecha de la última vez que lo usaron Número de ingreso o de inventario Pago total Signatura topográfica completa Código de barras Precio efectivo desde Tipo de documento Estado perdido Sistema de clasificación Estado dañado No es para préstamo Retirado Ubicación permanente Ubicación actual Fecha de adquisición Número de ejemplar
27/11/2025     693.5/I5 BibZareq25112603 27/11/2025 Libros   Dewey Decimal Classification       Biblioteca Arequipa Biblioteca Arequipa 27/11/2025  
27/11/2025     693.5/I5/ej. 2 BibZareq25112604 27/11/2025 Libros   Dewey Decimal Classification       Biblioteca Arequipa Biblioteca Arequipa 27/11/2025 2
15/05/2020 3196   693.5/I5 BibLima25112602 15/05/2020 Libros   Dewey Decimal Classification       Biblioteca Central Lima Biblioteca Central Lima 15/05/2020